000
00315 a2200145 4500
001
167209
020
_a
040
_c
Magnum
100
_a
-
240
1
0
_a
Ii congresso de educadores agostinianos
_l
por
245
1
0
_a
Ii congresso de educadores agostinianos
362
0
_a
1899
697
_a
ENSINO
942
_c
BK
999
_c
167209
_d
167209